| 000 | 00721nam a2200241I 4500 | ||
|---|---|---|---|
| 999 |
_c4362 _d4362 |
||
| 001 | 260954 | ||
| 003 | OSt | ||
| 005 | 20181205122223.0 | ||
| 008 | 720310 1929 eng u | ||
| 035 | _a0071337 | ||
| 040 |
_cUTS _dOSU |
||
| 082 |
_aREF 220.7 _bE82A |
||
| 090 |
_aBS491 _b.E5 |
||
| 090 | 0 | 0 |
_aBS491 _b.E5 |
| 100 | 1 |
_aEiselen, Frederick Carl, _d1872-1937, _eed |
|
| 245 | 0 | 4 |
_aThe Abingdon Bible Commentary. _cby Fredrick Carl Eiselen, Edwin Lewis, and David G. Downey |
| 260 |
_aNew York, _bAbingdon-Cokesbury Press, _c[c1929] |
||
| 300 |
_axvi, l452p., _bmaps, _c24 cm |
||
| 630 | 0 |
_aBible _xCommentaries |
|
| 700 | 1 | 0 |
_aLewis, Edwin, _d1881- |
| 700 | 1 | 0 |
_aDowney, David George, _d1858-1935 |
| 942 |
_2ddc _cREF |
||